000 00787nam a22002417a 4500
999 _c64262
_d64262
005 20240530110722.0
008 180402s2017 ua g 000 0 ara d
017 _a2015/15865
_bمصر. دار الكتب
020 _a9789774952197
040 _aEG-CaGPL
_cEG-CaGPL
082 0 4 _221
_a110 /
_bى ط
100 0 _aيوسف كرم
245 1 2 _aالطبيعة وما بعد الطبيعة /
_cتاليف يوسف كرم
250 _aط.1
260 _aالقاهرة :
_bدار العالم العربى ،
_c2017.
300 _a196 ص. ؛
_c24 سم .
650 0 7 _2qrmak
_aما وراء الطبيعة، علم
650 0 7 _2qrmak
_aالمعرفة
650 0 7 _2qrmak
_aالوجودية
651 _2qrmak
942 _2ddc
_cBK